00373pam a2200133a 44500008004100000020002700041082001300068100001800081245006600099260004100165300001100206502000900217700001300226230405s2021 xxu||||| |||| 00| 0 eng d a9789392242014cRs. 725 a610bBAN aBansal, Rimpi aTextbook of Pathology and Genetics for B.Sc. Nursing Students aPanjabbVision Health Sc. Pub.c2021 a352 p. atext aKaur, D.